PRINCIPLES OF MEDICAL EDUCATION (Record no. 217037)

MARC details
000 -LEADER
fixed length control field 00562nam a22001937a 4500
008 - FIXED-LENGTH DATA ELEMENTS--GENERAL INFORMATION
fixed length control field 260421b |||||||| |||| 00| 0 eng d
020 ## - INTERNATIONAL STANDARD BOOK NUMBER
International Standard Book Number 978-93-90281-41-1
050 ## - LIBRARY OF CONGRESS CALL NUMBER
Classification number R 772 .S56 2021
100 ## - MAIN ENTRY--PERSONAL NAME
Personal name SINGH, TEJINDER
245 ## - TITLE STATEMENT
Title PRINCIPLES OF MEDICAL EDUCATION
250 ## - EDITION STATEMENT
Edition statement 5TH
260 ## - PUBLICATION, DISTRIBUTION, ETC.
Place of publication, distribution, etc. NEW DELHI
Name of publisher, distributor, etc. JAYPEE BROTHERS MEDICAL PUBLISHER
Date of publication, distribution, etc. 2021
300 ## - PHYSICAL DESCRIPTION
Extent viii,248p. ill
500 ## - GENERAL NOTE
General note INCLUDES BIBLIOGRAPHICAL REFERENCES
650 ## - SUBJECT ADDED ENTRY
Topical term or geographic name entry element MEDICAL EDUCATION
700 ## - ADDED ENTRY--PERSONAL NAME
Personal name GUPTA,PIYUSH AND SINGH, DALJIT
942 ## - ADDED ENTRY ELEMENTS (KOHA)
Source of classification or shelving scheme Library of Congress Classification
Koha item type Long Loan Book
Holdings
Withdrawn status Lost status Source of classification or shelving scheme Damaged status Not for loan Collection Home library Current library Shelving location Date acquired Inventory number Total checkouts Full call number Barcode Date last seen Copy number Price effective from Koha item type
    Library of Congress Classification     Medicine Kisii University Library Kisii University Library On Display 04/21/2026 113120   R 772 .S56 2021 A001709 04/21/2026 1 04/21/2026 Long Loan Book
    Library of Congress Classification     Medicine Kisii University Library Kisii University Library On Display 04/21/2026 113121   R 772 .S56 2021 A001710 04/21/2026 2 04/21/2026 Long Loan Book
    Library of Congress Classification     Medicine Kisii University Library Kisii University Library On Display 04/21/2026 113122   R 772 .S56 2021 A001711 04/21/2026 3 04/21/2026 Long Loan Book
    Library of Congress Classification     Medicine Kisii University Library Kisii University Library On Display 04/21/2026 113123   R 772 .S56 2021 A001712 04/21/2026 4 04/21/2026 Long Loan Book